Holes Characters Nicknames Quiz Stats

 Plays Quiz Updated Mar 17, 2020

Support Sporcle.
Go Orange.
Score 0/9 Timer 01:00
0 Plays Today
Real name Nickname % Correct
Hector ZeroniZero
92%
Stanley YelnatsCaveman
74.9%
TheodoreArmpit
70.5%
RexX-ray
67.9%
RickyZig-Zag
44.4%
BrianTwitch
42.8%
LewisBarfbag
39.5%
JoseMagnet
37.4%
AlanSquid
32.7%

From the Vault

April Fools' Day Logic Puzzle

by Balin

So what's the best prank you've ever pulled?
Remove Ads.
Support Sporcle.
Get the best of Sporcle when you Go Orange. This ad-free experience offers more features, more stats, and more fun while also helping to support Sporcle. Thank you for becoming a member.

Show Comments

Extras

Top Quizzes Today


Score Distribution

Your Account Isn't Verified!

In order to create a playlist on Sporcle, you need to verify the email address you used during registration. Go to your Sporcle Settings to finish the process.

Report this User

Report this user for behavior that violates our Community Guidelines.

Details: